Arrowverse Crossover Events Quiz Stats

 Plays Quiz not verified by Sporcle

Support Sporcle.
Go Orange.
Score 0/146 Timer 10:00
1 Play Today
% Correct
Spectre (Oliver Queen)
97.9%
Arrow (Oliver Queen)
97.7%
Green Arrow (Oliver Queen)
97.7%
Green Arrow (Oliver Queen)
97.7%
Green Arrow (Oliver Queen)
97.7%
Green Arrow (Oliver Queen)
97.6%
Flash (Barry Allen) [Earth 90]
96.8%
Flash (Barry Allen) [Earth Prime]
96.8%
Flash (Barry Allen)
96.4%
Flash (Barry Allen)
96.4%
Flash (Barry Allen)
96.4%
Flash (Barry Allen)
96.4%
Flash (Barry Allen) [Earth 1]
96.3%
Flash (Barry Allen) [Earth 90]
96.3%
Spartan (John Diggle)
96%
Spartan (John Diggle)
95.7%
Spartan (John Diggle)
95.7%
John Diggle
95.3%
John Diggle
95.3%
Spartan (John Diggle)
95.3%
Vibe (Cisco Ramon)
94.3%
Caitlin Snow/Killer Frost
94.2%
Vibe (Cisco Ramon)
93.8%
Cisco Ramon
93.7%
Cisco Ramon
93.7%
Vibe (Cisco Ramon)
93.7%
Vibe (Cisco Ramon)
93.7%
Felicity Smoak
93.7%
Felicity Smoak
93.7%
Felicity Smoak
93.7%
Felicity Smoak
93.7%
Felicity Smoak
93.5%
Caitlin Snow/Killer Frost
93.4%
Harbinger (Lyla Michaels)
93.3%
Caitlin Snow/Killer Frost
93.2%
Caitlin Snow/Killer Frost
93.2%
Caitlin Snow
91.6%
Caitlin Snow
91.6%
White Canary (Sara Lance)
91.1%
Supergirl (Kara Danvers)
90.4%
Atom (Ray Palmer)
90.2%
White Canary (Sara Lance)
90.1%
White Canary (Sara Lance)
90.1%
Supergirl (Kara Danvers)
89%
Atom (Ray Palmer)
88.9%
Atom (Ray Palmer)
88.9%
Iris West-Allen
88.8%
Supergirl (Kara Danvers)
88.2%
Supergirl (Kara Danvers)
88.2%
% Correct
Pariah (Harrison 'Nash' Wells)
88%
Heatwave (Mick Rory]
87.4%
Iris West-Allen
87.2%
Black Canary (Laurel Lance)
86.7%
Iris West
86.5%
Iris West
86.5%
Lyla Michaels
86.4%
Speedy (Thea Queen)
85.6%
Speedy (Thea Queen)
85.6%
Harrison Sherloque Wells
85.4%
Reserve-Flash (Eobard Thawne)
85.3%
Reserve-Flash (Eobard Thawne)
85.3%
Heatwave (Mick Rory)
85%
Harrison Wells
84.7%
Harrison Wells
84.7%
Dark Arrow (Oliver Queen)
84%
Joe West
83.9%
Joe West
83.9%
Joe West
83.9%
The Ray (Ray Terill)
82.6%
Martian Manhunter (J'onn J'onzz)
82%
HR Wells
82%
John Deegan
81.9%
Firestorm (Jefferson Jackson)
80.5%
Firestorm (Jefferson Jackson)
80.5%
Firestorm (Martin Stein)
80.1%
Firestorm (Martin Stein)
80.1%
The Monitor (Mar Novu)
79.9%
Steel (Nate Heywood)
79.8%
Arsenal (Roy Harper)
79.5%
The Ray (Ray Terill)
79.3%
Vixen (Amaya Jiwe)
77.8%
Vixen (Amaya Jiwe)
77.8%
Superman (Clark Kent) [Earth Prime]
77.8%
Superman (Clark Kent) [Earth 96]
77.7%
Superman (Clark Kent) [Earth 167]
77.7%
Steel (Nate Heywood)
77.3%
Steel (Nate Heywood)
77.3%
Citizen Cold (Leo Snart)
77.1%
Wilddog (Rene Ramirez)
76.7%
Alex Danvers
76.5%
Black Canary (Dinah Drake)
75.9%
Kid Flash (Wally West)
74.9%
Kid Flash (Wally West)
74.9%
Heatwave (Mick Rory)
74.4%
Rainbow Raider (Roy Bivolo)
74.3%
Zoom (Hunter Zolomon)
73.9%
Black Canary (Dinah Drake)
73.5%
Martian Manhunter (J'onn J'onzz)
73.4%
% Correct
Wilddog (Rene Ramirez)
73.2%
Wilddog (Rene Ramirez)
73.2%
Joe Wilson
72.8%
The Monitor (Mar Novu)
72.7%
John Constantine
72.5%
Alex Danvers
72%
Hawkgirl (Kendra Saunders)
71.9%
Superman (Clark Kent)
71.2%
Alex Danvers
71.1%
Hawkman (Carter Hall)
71%
Z (Zari Tomaz)
70.2%
Overgirl (Kara Zor-El)
70.2%
Mr. Terrific (Curtis Holt)
69.4%
Green Arrow (Mia Smoak)
69.3%
Mr. Terrific (Curtis Holt)
69.1%
Mr. Terrific (Curtis Holt)
69.1%
Batwoman (Kate Kane)
67.7%
Vandal Savage
67.4%
The Anti-Monitor (Mobius)
67%
Elongated Man (Ralph Dibny)
64.1%
Dominators
61.5%
Lex Luthor
61.3%
Ragman (Rory Regan)
61.2%
Batwoman (Kate Kane)
59.8%
Sturmbannf├╝hrer
59.3%
Elongated Man (Ralph Dibny)
59%
Winn Schott
59%
Lois Lane [Earth Prime]
58.3%
Lois Lane [Earth 167]
58.3%
Ryan Choi
56.8%
Captain Boomerang (Digger Harkness)
55.1%
Lena Luthor
52.5%
Dreamer (Nia Nal)
52.1%
Lois Lane
52%
Ava Sharpe
51.9%
Prometheus (Tommy Merlyn)
50.9%
Black Lightning (Jefferson Pierce)
50.4%
Batman (Bruce Wayne)
49.3%
Brainiac 5 (Querl Dox)
48.9%
Guardian (James Olsen)
45.8%
Brainiac 5 (Querl Dox)
42.2%
Red Tornado
38.2%
A.M.A.Z.O
32.1%
Lucifer Morningstar
30.9%
Jim Corrigan
30.8%
Huntress (Helena Kyle)
28.3%
Metallo
27.1%
Cyberwoman (Laura Washington)
26.4%

You're not logged in!

Compare scores with friends on all Sporcle quizzes.
OR
Log In

From the Vault

Animal or Not?

by Indonesian_

We know, animal puns are becoming unbearable.
Remove Ads.
Support Sporcle.
Get the best of Sporcle when you Go Orange. This ad-free experience offers more features, more stats, and more fun while also helping to support Sporcle. Thank you for becoming a member.

Show Comments

Extras

Top Quizzes Today


Score Distribution

Your Account Isn't Verified!

In order to create a playlist on Sporcle, you need to verify the email address you used during registration. Go to your Sporcle Settings to finish the process.

Report this User

Report this user for behavior that violates our Community Guidelines.

Details: